Estadísticas para Presidentes de los EE. UU. Por Imagen

Haz click aquí para tomar la prueba!

Estadísticas generales

  • Esta prueba ha sido tomada 1,287 veces
    (561 desde el último reinicio)
  • La puntuación promedio es 15 de 44

Estadísticas de respuestas

Answer % Correcto
Barack Obama
100%
Donald Trump
91%
John F. Kennedy
90%
Abraham Lincoln
89%
George W. Bush
86%
Bill Clinton
81%
George Washington
73%
George H.W. Bush
70%
Richard Nixon
67%
Ronald Reagan
60%
Jimmy Carter
48%
Franklin D. Roosevelt
44%
Dwight D. Eisenhower
41%
Gerald R. Ford
37%
Thomas Jefferson
37%
Lyndon B. Johnson
36%
Harry Truman
35%
Theodore Roosevelt
35%
Woodrow Wilson
27%
Ulysses S. Grant
26%
John Adams
26%
Andrew Jackson
25%
James Madison
17%
Herbert Hoover
17%
William McKinley
15%
William Taft
14%
Calvin Coolidge
14%
Martin Van Buren
14%
James Monroe
13%
Grover Cleveland
13%
John Quincy Adams
13%
James Garfield
12%
James Buchanan
12%
Andrew Johnson
12%
Franklin Pierce
11%
James K. Polk
11%
Warren Harding
11%
William Henry Harrison
11%
Zachary Taylor
10%
John Tyler
10%
Chester A. Arthur
10%
Benjamin Harrison
10%
Rutherford B. Hayes
10%
Millard Fillmore
10%

Distribución de puntuación

Porcentaje por número respondido

Porcentaje de gente con cada puntuación

Historial de tus puntuaciones

No has tomado esta prueba desde el último reinicio